| 000 | 00711cam a2200265u 4500 | ||
|---|---|---|---|
| 001 | 28926 | ||
| 005 | 20230410123406.0 | ||
| 008 | 850226s1973 sp 000 0 spa | ||
| 035 | _9(DLC) 73366804 | ||
| 020 | _a8420620580 | ||
| 020 | _a9788420620589 | ||
| 035 | _a7128424 | ||
| 010 | _a73366804 | ||
| 040 |
_aDLC _cCarP _dDLC |
||
| 050 | 1 | 4 |
_aK 231 _bE82 1973 |
| 082 | 0 | 0 | _a340 |
| 245 | 0 | 0 |
_aEstructuralismo y derecho / _cAntonio Hernández Gil... [et al.] |
| 260 |
_a[Madrid] : _bAlianza Editorial, _c1973 |
||
| 300 |
_a241 p. _c20 cm. |
||
| 440 | 0 |
_aAlianza universidad ; _v58 |
|
| 650 | 0 | _aJurisprudence. | |
| 650 | 0 |
_aLaw _xLanguage. |
|
| 700 | 2 | _aHernández Gil, Antonio. | |
| 942 |
_2lcc _cbk |
||
| 999 |
_c60507 _d60507 |
||